[Event "American Continental 19th"]
[Site "Foz do Iguacu"]
[Date "2025.05.29"]
[Round "9"]
[White "Almeida, Luis Eduardo Dos Re"]
[Black "Da Luz, Felipe Garcia"]
[Result "1/2-1/2"]
[WhiteElo "1873"]
[BlackElo "1961"]
[PlyCount "24"]
[EventDate "2025.05.23"]
[EventType "swiss"]
[EventRounds "11"]
[EventCountry "BRA"]
[SourceTitle "CB23_2025"]
[SourceDate "2025.06.04"]
[SourceVersion "1"]
[SourceVersionDate "2025.06.04"]
[SourceQuality "1"]

1. e4 c6 2. d4 d5 3. Nc3 dxe4 4. Nxe4 Nf6 5. Nxf6+ gxf6 6. c3 Bf5 7. Bf4 e6 8. Qb3 Qb6 9. Nf3 Nd7 10. Be2 Be7 11. Nd2 Qxb3 12. axb3 Nb6 1/2-1/2

[Event "American Continental 19th"]
[Site "Foz do Iguacu"]
[Date "2025.05.26"]
[Round "5"]
[White "Almeida, Luis Eduardo Dos Re"]
[Black "Solaeche G, Axel Jose"]
[Result "1/2-1/2"]
[WhiteElo "1873"]
[BlackElo "1566"]
[PlyCount "100"]
[EventDate "2025.05.23"]
[EventType "swiss"]
[EventRounds "11"]
[EventCountry "BRA"]
[SourceTitle "CB23_2025"]
[SourceDate "2025.06.04"]
[SourceVersion "1"]
[SourceVersionDate "2025.06.04"]
[SourceQuality "1"]

1. e4 c5 2. Nf3 e6 3. g3 Nc6 4. Bg2 Nf6 5. Qe2 e5 6. Nc3 d6 7. 0-0 Be7 8. Nd5 Nxd5 9. exd5 Nb4 10. Ne1 0-0 11. c3 Na6 12. Nc2 Nc7 13. Re1 Re8 14. Ne3 b6 15. a4 f5 16. d3 f4 17. Nc4 Bg5 18. Be4 g6 19. Kg2 Ba6 20. Qg4 h5 21. Qf3 Kg7 22. gxf4 exf4 23. Bxf4 Bxf4 24. Qxf4 Bxc4 25. dxc4 Re5 26. Bc2 Qg5+ 27. Qxg5 Rxg5+ 28. Kf1 Re8 29. Rxe8 Nxe8 30. a5 Nf6 31. axb6 axb6 32. Ra7+ Kf8 33. f3 h4 34. b4 h3 35. Bb1 Rg2 36. Ra2 Rxa2 37. Bxa2 Nh5 38. Kf2 Kf7 39. Bb1 Kf6 40. Bd3 Kg5 41. Bf1 Kh4 42. Ke3 Nf6 43. Kf4 Nh5+ 44. Ke3 Nf6 45. Bd3 Kg5 46. f4+ Kh5 47. Be2+ Kh4 48. f5 g5 49. Bd1 g4 50. Be2 Kg5 1/2-1/2

[Event "American Continental 19th"]
[Site "Foz do Iguacu"]
[Date "2025.05.25"]
[Round "4"]
[White "Zottis, Pietro"]
[Black "Almeida, Luis Eduardo Dos Re"]
[Result "1/2-1/2"]
[WhiteElo "1757"]
[BlackElo "1873"]
[PlyCount "77"]
[EventDate "2025.05.23"]
[EventType "swiss"]
[EventRounds "11"]
[EventCountry "BRA"]
[SourceTitle "CB23_2025"]
[SourceDate "2025.06.04"]
[SourceVersion "1"]
[SourceVersionDate "2025.06.04"]
[SourceQuality "1"]

1. d4 Nf6 2. c4 g6 3. Nc3 d5 4. cxd5 Nxd5 5. e4 Nxc3 6. bxc3 Bg7 7. Nf3 c5 8. Be3 Qa5 9. Nd2 cxd4 10. Nc4 Qd8 11. cxd4 Nc6 12. d5 Na5 13. Bd4 0-0 14. Bxg7 Kxg7 15. Qd4+ Kg8 16. Rc1 Nxc4 17. Bxc4 Qa5+ 18. Rc3 Qb4 19. Qd3 b5 20. Bb3 Bd7 21. 0-0 Rfc8 22. Rcc1 a5 23. Qb1 Qa3 24. e5 a4 25. Bc2 Rc3 26. e6 Be8 27. Be4 f5 28. Rxc3 Qxc3 29. Rc1 Qe5 30. d6 fxe4 31. d7 Qxe6 32. dxe8R+ Rxe8 33. Qxb5 Rc8 34. Rxc8+ Qxc8 35. h3 Qc1+ 36. Kh2 Qc7+ 37. Kg1 Qa7 38. Qd5+ Kg7 39. Qxe4 1/2-1/2

[Event "BRA-ch 90th"]
[Site "Natal"]
[Date "2024.12.17"]
[Round "7"]
[White "Brito, Yezo Henrique Guima"]
[Black "Almeida, Luis Eduardo Dos Re"]
[Result "0-1"]
[WhiteElo "1687"]
[BlackElo "1882"]
[PlyCount "70"]
[EventDate "2024.12.13"]
[EventType "swiss"]
[EventRounds "11"]
[EventCountry "BRA"]
[SourceTitle "CB52_2024"]
[SourceDate "2024.12.25"]
[SourceVersion "1"]
[SourceVersionDate "2024.12.25"]
[SourceQuality "1"]

1. d4 Nf6 2. c4 d6 3. Nc3 g6 4. Nf3 Bg7 5. Bg5 0-0 6. Qd2 c5 7. Bh6 cxd4 8. Nxd4 Nc6 9. Bxg7 Kxg7 10. e4 Qb6 11. 0-0-0 Bd7 12. Nc2 Rfc8 13. Ne3 Na5 14. b3 Qd8 15. Ned5 Nxd5 16. Nxd5 b5 17. Qb2+ e5 18. Ne3 Be6 19. Qc3 bxc4 20. Nxc4 Nxc4 21. Bxc4 Bxc4 22. bxc4 Rc6 23. Rd2 Rac8 24. Rc2 Rxc4 25. Qxc4 Qg5+ 26. Kb2 Rxc4 27. Rxc4 Qxg2 28. Rd1 Qxf2+ 29. Rc2 Qb6+ 30. Ka1 Qb4 31. Rcd2 Qxe4 32. Rxd6 Qf4 33. R1d2 e4 34. R6d4 Qe5 35. Kb1 e3 0-1